Dónde Jugó (Real Madrid) - Estadísticas

Estadísticas generales
  • Esta prueba ha sido intentada 185 veces
  • La puntuación promedio es 20 de 24
Estadísticas de respuestas
Jugador Equipo en el que haya jugado % Correcto
Thibaut Courtois Genk, Atlético de Madrid, Chelsea
99%
David Alaba Aspern, Austria Viena, Bayern Munich, Hoffenheim
92%
Kylian Mbappé Bondy, Clairef, Mónaco, PSG
92%
Trent Alexander-Arnold Liverpool
92%
Antonio Rüdiger Tasmania, Neuk, Zehlendorf, Borussia Dortmund, Stuttgart, Roma, Chelsea
92%
Franco Mastantuono River Plate
91%
Jude Bellingham Birmingham, Borussia Dortmund
90%
Dani Ceballos Betis, Arsenal
88%
Álvaro Carreras Deportivo de la Coruña, Manchester United, Preston North End, Granada, Benfica
88%
Dean Huijsen Málaga, Juventus, Roma, Bournemouth
87%
Brahim Díaz Málaga, Manchester City, Milán
86%
Daniel Carvajal Bayer Leverkusen
84%
Federico Valverde Peñarol, Deportivo de la Coruña
84%
Aurélien Tchouaméni Girondins de Burdeos, Mónaco
82%
Fran García Rayo Vallecano
82%
Vinicius Jr. Flamengo
81%
Eder Militao Sao Paulo, Oporto
80%
Ferland Mendy PSG, Mantois, Le Havre, Olympique de Lyon
78%
Rodrygo Santos
74%
Eduardo Camavinga Stade Rennais
73%
Raúl Asencio Las Palmas, Real Madrid
68%
Andriy Lunin Metalist, Dnipro, Zorya Lugansk, Leganés, Valladolid, Oviedo
64%
Arda Güler Genclerbirligi, Fenerbahce
63%
Gonzalo García Mallorca, Real Madrid
49%
No se encontraron pruebas coincidentes
Distribución de puntuación
Porcentaje de gente con cada puntuación
Porcentaje por número respondido
Historial de tus puntuaciones
No has intentado esta prueba.